000 00646nam a2200217Ia 4500
003 OSt
005 20220925210455.0
006 a|||||r|||| 00| 0
007 ta
008 220923b |||||||| |||| 00| 0 eng d
037 _cGeneral Book
040 _aRTL
_cRTL
_beng
041 _2eng
_aeng
082 _aY:5.2sN91, N3.1-2
100 _aCensus of India, 1991
245 0 _aPaper-2 of 1993
_b A brief analysis of the housing tables of 1991 census
260 _aIndia
_bGovt. Press
_c1991
300 _aVII, 58p
_ccm.
942 _hY:5.2sN91, N3.1-2
_cGB
_2CC
999 _c555197
_d555197